| 000 | 00719 a2200181 4500 | ||
|---|---|---|---|
| 003 | Nust | ||
| 005 | 20230724111248.0 | ||
| 040 | _cNust | ||
| 082 | _a530,SAL | ||
| 100 |
_aSaleemi, Mrs. Fouzia _9103673 |
||
| 245 |
_aPhysics-11 / _cProf Dr.Mrs. Fouzia Saleemi, |
||
| 250 | _a1st | ||
| 260 |
_aPujab Textbook Board _bLahore _c2011 |
||
| 300 | _aii, 280 p | ||
| 505 | _aMeasurements (Page-1), Vector and Equilibrium (Page-22), Motion and Force (Page-48), Work and Energy (Page-77), Circular Motions (Page-99), Fluid Dynamic (Page-127), Oscillations (Page-141), Waves (Page-161), Physics Optics (Page-193),,Optical Instruction (Page-214), Heat and Thermodynamics (Page-236). | ||
| 650 | _aPhysics | ||
| 942 |
_2ddc _cBKB |
||
| 999 |
_c189605 _d189605 |
||